000
00331nam a2200133Ia 4500
008
191201s2009 xx 000 0 und d
082
_a
519.86
_b
MAS
100
_a
MAHAJAN, M
245
0
_a
Statistical Quality Control
260
_a
N.Delhi
_b
Dhanpat Rai Pub (P) Ltd
_c
2009
300
_a
554
650
_a
B.Tech(ME)
942
_2
ddc
_c
BK
999
_c
4029
_d
4029